000 00334nam a2200145Ia 4500
005 20251222152021.0
008 251222s9999||||xx |||||||||||||| ||spa||
020 _a8497595017
082 _a813.54/A81
100 _aAsimov, Isaac
245 0 _aFundación e Imperio
250 _a2da. ed.
264 _bBruguera, S.A.
942 _cLIB
999 _c25273
_d25273